| 000 | 00963nam a2200289Ia 4500 | ||
|---|---|---|---|
| 003 | GCL | ||
| 008 | 140319s9999 xx 000 0 ara d | ||
| 040 |
_aGCL / _cGCL |
||
| 082 | 0 | 4 |
_a371.27 _bب ت |
| 100 | 1 | _aمحمد امين المفتى (مترجم) | |
| 245 | 1 | 0 |
_aتقييم تعليم الطالب التجميعى والتكوين / _cمحمد امين المفتى (مترجم) |
| 700 | 1 | _aبلوم، بنيامين س | |
| 700 | 1 | _aهاستنجس , توماس ج. | |
| 700 | 1 | _aمادوس, جورج ف. | |
| 700 | 1 | _aزينب على النجد (مترجم) | |
| 700 | 1 | _aاحمد ابراهيم شلبى | |
| 700 | 1 | _aكوثر حسين كوجاك | |
| 260 |
_a[S.N] : _bدار ماكجروهيل للنشر ، _c1971 |
||
| 300 | _a417 ص | ||
| 490 | _a | ||
| 650 | 0 | 4 | _aالتعليم |
| 650 | 0 | 4 | _aالتربية |
| 650 | 0 | 4 | _aعلم النفس التربوى |
| 650 | 0 | 4 | _aالطلبة |
| 650 | 0 | 4 | _aتقييم |
| 942 |
_2ddc _cBK |
||
| 999 |
_c32073 _d32073 |
||